Guess the Harry Styles song with no hints #14 - Statistics

General Stats
  • This quiz has been taken 82 times
  • The average score is 140 of 202
Answer Stats
Answer % Correct
I
100%
you
100%
me
93%
the
92%
when
92%
When
92%
It
90%
And,
85%
and
85%
go,
84%
We
84%
we
84%
in
79%
where
77%
it's
74%
It's
74%
know
74%
Two
74%
two
74%
don't
70%
Just
70%
oh,
70%
oh
70%
Oh,
70%
Oh
70%
Oh-oh
70%
of
67%
one
67%
creature
66%
creature,
66%
out
66%
Sweet
66%
sweet
66%
we're
66%
We're
66%
But
64%
But,
64%
us
64%
going
62%
about
61%
home
61%
still
61%
hearts
59%
bring
57%
Had
57%
run
57%
how
56%
talk
56%
young
56%
belong
54%
hard
54%
argue
52%
started
52%
stubborn,
52%
road,
51%
Wherever
51%
wrong
51%
another
48%
both
48%
think
46%
gets
43%
always
41%
enough
41%
speak
41%
nothing
39%
through
34%
bothered
33%
garden
33%
Running
33%
You'll
25%
No matching quizzes found
Score Distribution
Percent of People with Each Score
Percentile by Number Answered
Your Score History
You have not taken this quiz